Responses for show #475 - Friday, October 3, 1986

Contestants

Sharon Miyasato, an attorney originally from Hawaii

Ty Walker, a management analyst originally from Middletown, Pennsylvania

Carl Brady, a U.S. Navy flight officer originally from Pittsburgh, Pennsylvania (whose 1-day cash winnings total $6,000)

Jeopardy! Round responses

WEAPONS
WINES
ANIMAL LOVERS
AIRPORTS
RELIGION
COMMON BONDS
    $100 1
torpedos

Carl
    $100 26
champagne

Ty
    $100 21
Swan Lake

Carl
    $100 8
(Alex: [Before reading the clue] The man can't get away from flying.)

Charles de Gaulle

Sharon
    $100 3
Quaker Oats

Ty
    $100 13
Helens

Ty
    $200 2
a jackknife (or the pike)

Ty
    $200 27
vermouth

Carl
    $200 22
Ladyhawke

Sharon
    $200 9
Atlanta

Carl
    $200 4
sunset

Carl
    $200 14
[NOTE: "a-ha" was printed in the clue monitor in a lowercase typeface.]

rock groups

Triple Stumper
    $300 5
star

Carl
    $300 28
(Alex: Italy, France and Spain were 1, 2, 3, and [*] was number 4.)

the U.S.S.R.

Triple Stumper
    $300 23
Zeus

Ty
    $300 10
(Alex: Yes, Seattle-Tacoma.)

Washington

Sharon
    $500 15
(Ty: What is "Precious Lord, Take My Hand"?)

"Crying In The Chapel"

Ty
    $300 18
comic book characters or groups

Triple Stumper
    $400 6
a whip

Carl
    $400 29
sherry

Ty
    $400 24
(Alex: Our writer/researchers were being humorous on that one. [*] is her name. We've got less than a minute to go in the round.)

Titania

Triple Stumper
    $400 11
(Carl: What is LaGuardia?)

Idlewild

Carl
Triple Stumper
    $400 16
(Carl: What is Hindu?)
...
(Alex: Shah Jahan built it.)

Muslim (Islam)

CarlTy
    $400 19
Fields

Carl
    $500 7
(Sharon: Who is Adolf Hitler?)
(Ty: Who is Mongo?)

Emperor Ming (the Merciless)

CarlTySharon
    $500 30
(Ty: What is Burgundy?)

Bordeaux

Ty
Triple Stumper
    $500 25
Princess Grace

Sharon
    $500 12
Los Angeles (LAX)

Triple Stumper
    $500 17
Methodism

Ty
    $500 20
names with Peter and Paul

Ty

Scores at the first commercial break (after clue 12):

Carl Ty Sharon
$1,300 -$200 -$100

Scores at the end of the Jeopardy! Round:

Carl Ty Sharon
$1,600 $1,100 $600

Double Jeopardy! Round responses

HISTORY
(Alex: A category that has to do with music called...)
GEOGRAPHICAL CLASSICS
WORDS
ELECTRICITY
FLAGS
EDIBLE NAMES
    $200 1
the right to vote

Carl
    $200 7
the Grand Canyon

Carl
    $200 6
type of wine (red wine)

Ty
    $200 22
(Sharon: What is kilowatt?)
[Initially accepted as correct; reversed prior to Final Jeopardy!, when Alex mentioned that Sharon forgot the "hour" part of the correct response, hence the score change.]

kilowatt hour

Sharon
Triple Stumper
    $200 12
South Korea

Ty
    $200 17
John Candy

Sharon
    $400 2
Tanganyika & Zanzibar

Sharon
    $400 23
(Alex: We've got less than a minute to go in the round.)

the New World Symphony

Carl
    $400 8
(Ty: What is a pig?)

a fish

CarlTy
    $400 13
50-star flag

Triple Stumper
    $400 18
"Jelly Roll"

Carl
    $500 3
(Sharon: What are the Virgin Islands?)

Greenland

Sharon
    $600 24
Rome

Ty
    $600 9
(Carl: What is droop?)
...
(Alex: Just the opposite, Carl; it's a nose that [*] at the end, not one that goes down.)

turns up

Carl
Triple Stumper
    $600 14
pennants (at Yankee Stadium)

Carl
    $600 19
Meat Loaf

Triple Stumper
    $800 4
(Ty: What is the East India Company?)
(Alex: Be a little more specific.)
(Ty: The East India Trading Company?)
(Alex: No.)

The British East India Company

CarlTy
    $800 25
Finlandia

Sharon
    $500 10
(Carl: What is throwing him out?)
(Alex: Be more specific.)
(Carl: What is throwing him out of the door?)
(Alex: Sorry, that is wrong. "Fenestration", "Fenestrate," the window; [*]. Woosh! So you lose 500 bucks, but you're, uh, still in control of the board. Go again.)

throwing him out the window

Carl
    $800 27
electrons

Ty
    $800 15
quarantine

Carl
    $800 20
(Alex: You're gonna love this one or you're gonna hate this one: "Who is Chief Justice [*]?")
[Carl groans as audience laughs at the response]
(Alex: Yeah, I know, Carl. You can give us another "oooh" if you want, another groan.)

Warren Burger

Triple Stumper
    $1000 5
(Carl: What is Japan?)
...
(Alex: You were in the right part of the world, Carl, but the correct response is "What is [*]?". But you select again.)

China

Carl
Triple Stumper
    $1000 26
EspaƱa Rhapsody

Triple Stumper
    $1000 11
making coins

Triple Stumper
    $1000 28
(Carl: What are ohms?)
...
[The end-of-round signal sounds.]

amperes

Carl
Triple Stumper
    $1000 16
(Ty: What is Alabama?)

(1 of) Georgia or Mississippi

CarlTy
    $1000 21
Barbara Hershey

Triple Stumper

Scores at the end of the Double Jeopardy! Round:

Carl Ty Sharon
$3,300 $700 $1,300
(lock game)

[wagering suggestions for these scores]

Final Jeopardy! Round responses

U.S. GOVERNMENT
TyWhat is the U.S. Postal Service?
$700
SharonWhat is the Postal Service?
$1,200
CarlWhat was ?
$100
the U.S. Postal Service

Final scores:

Carl Ty Sharon
$3,200 $1,400 $2,500
2-day champion: $9,200 3rd place: a Whirlpool microwave oven 2nd place: a Broyhill bedroom set + Waverly fabrics

Game dynamics:

Coryat scores:

Carl Ty Sharon
$3,800 $1,200 $1,800
18 R,
6 W
(including 1 DD)
13 R,
6 W
(including 1 DD)
7 R,
3 W
(including 1 DD)

Combined Coryat: $6,800

The J! Archive is created by fans, for fans. The Jeopardy! game show and all elements thereof, including but not limited to copyright and trademark thereto, are the property of Jeopardy Productions, Inc. and are protected under law. This website is not affiliated with, sponsored by, or operated by Jeopardy Productions, Inc. Join the discussion at JBoard.tv.